Statistics for Geometry Dash Knowledge

Click here to take the quiz!

General Stats

  • This quiz has been taken 9 times
  • The average score is 9 of 10

Answer Stats

HintAnswer% Correct
When was Geometry Dash created?2013
100%
How many official levels are there as of 2.11?21
100%
How many gamemodes are there?7
100%
Who is the 99% easter egg on Bloodbath dedicated to?Michigun
100%
What is the Top 1 demon as of March 2022?Slaughterhouse
100%
Who verified Slaughterhouse?SpaceUK
100%
Who verified The Yandere?Dorami
83%
Who verified Bloodlust?Knobbelboy
83%
Who is a popular youtuber that uses red and white colours?EVW
67%
Who created Forsaken Neon?Zobros
67%

Score Distribution

Percentile by Number Answered

Percent of People with Each Score

Your Score History

You have not taken this quiz